LEADER 00786nam0 2200241 450 001 000029233 005 20111108152533.0 100 $a20111028d1962----km-y0itaa50------ba 101 0 $aeng 102 $aUS 200 1 $a<> big Laugh$fa novel by John O'Hara 210 $aNew York$cRandom House$dc1962 215 $a308 p.$d22 cm. 700 1$aO'Hara,$bJohn$0439141 801 0$aIT$bUniversità della Basilicata - B.I.A.$gRICA$2unimarc 912 $a000029233 996 $aBig Laugh$996203 997 $aUNIBAS BAS $aLETTERE CAT $aSTD075$b01$c20111028$lBAS01$h0847 CAT $aTTM$b30$c20111108$lBAS01$h1525 FMT Z30 -1$lBAS01$LBAS01$mBOOK$1BASA1$APolo Storico-Umanistico$2FAA$BFondo anglo-americano$3FM/4054$64054$5L4054$820111028$f04$FPrestabile Didattica LEADER 02686 am 2200565 n 450 001 9910495696903321 005 20200131 010 $a979-1-03-000563-9 024 7 $a10.4000/books.pub.31911 035 $a(CKB)4100000011772284 035 $a(FrMaCLE)OB-pub-31911 035 $a(oapen)https://directory.doabooks.org/handle/20.500.12854/86087 035 $a(PPN)254147631 035 $a(EXLCZ)994100000011772284 100 $a20210219j|||||||| ||| 0 101 0 $afre 135 $auu||||||m|||| 181 $ctxt$2rdacontent 182 $cc$2rdamedia 183 $acr$2rdacarrier 200 10$aAppropriation des messageries electroniques dans les entreprises en réseau /$fBruno Henocque 210 $aPessac $cPresses Universitaires de Bordeaux$d2020 215 $a1 online resource (192 p.) 225 1 $aLabyrinthes 311 $a2-86781-300-X 330 $aLes messageries électroniques se sont généralisées dans les intranets des entreprises. L?ouvrage explore les logiques d?appropriation sur 5 ans de ce média transversal qui concerne notamment les fonctions gestion, communication, information, production, commerce et veille. L?appropriation de ce media présente un caractère aléatoire en raison d?événements imprévus, du hasard, des sélections, adaptations et recombinaisons liées à son intégration. Ainsi, les mêmes bases organisationnelles et techniques peuvent aboutir à des effets radicalement différents et inversement des bases hétérogènes peuvent aboutir à la même intégration du média. L?explication ne relève pas simplement des performances face à l?outil mais tout autant de l?ensemble des contextes qui façonnent les utilisations. Les messageries sont analysées dans le cadre du commerce électronique, du workflow, du travail dans des groupes fermés d?utilisateurs et des métiers de la communication. 606 $aLibrary, Information & Communication sciences 606 $ausage 606 $aentreprise 606 $acommunication 606 $aoutil 606 $aintranet 610 $ausage 610 $aentreprise 610 $acommunication 610 $aoutil 610 $aintranet 615 4$aLibrary, Information & Communication sciences 615 4$ausage 615 4$aentreprise 615 4$acommunication 615 4$aoutil 615 4$aintranet 700 $aHenocque$b Bruno$01283637 701 $aHarvey$b Pierre-L$01283638 801 0$bFR-FrMaCLE 906 $aBOOK 912 $a9910495696903321 996 $aAppropriation des messageries electroniques dans les entreprises en réseau$93019169 997 $aUNINA